000 00664nam a2200253 a 4500
003 AR-BaBNM
005 20251128205301.0
008 082120s2002 ||||||||||||||000 | spa||
020 _a950-02-6342-4
040 _cAR-BaBNM
100 1 _aKirbus, Federico B.
245 0 0 _aGuía ilustrada de las regiones turísticas
_bsur. 4
250 _a1ª ed.
260 _aBuenos Aires
_bEl Ateneo
_c1995
300 _a160 p.
_bil., mapas, tablas, gráfs.
650 4 _aTURISMO
650 4 _aGUIAS DE VIAJE
650 4 _aGEOGRAFIA
650 4 _aCOSTUMBRES Y TRADICIONES
650 4 _aBELLEZAS NATURALES
651 4 _aArgentina
942 _cBK
998 _cCarmen
999 _c10732
_d10732